Qualitative approximation of solutions to discrete Volterra equations

Elmentve itt :
Bibliográfiai részletek
Szerzők: Migda Janusz
Migda Małgorzata
Dokumentumtípus: Folyóirat
Megjelent: 2018
Sorozat:Electronic journal of qualitative theory of differential equations
Kulcsszavak:Volterra diszkrét egyenletek
doi:10.14232/ejqtde.2018.1.3

Online Access:http://acta.bibl.u-szeged.hu/54808
LEADER 00755nas a2200205 i 4500
001 acta54808
005 20260224081030.0
008 180530s2018 hu o 000 eng d
022 |a 1417-3875 
024 7 |a 10.14232/ejqtde.2018.1.3  |2 doi 
040 |a SZTE Egyetemi Kiadványok Repozitórium  |b hun 
041 |a eng 
100 1 |a Migda Janusz 
245 1 0 |a Qualitative approximation of solutions to discrete Volterra equations  |h [elektronikus dokumentum] /  |c  Migda Janusz 
260 |c 2018 
300 |a 1-27 
490 0 |a Electronic journal of qualitative theory of differential equations 
695 |a Volterra diszkrét egyenletek 
700 0 1 |a Migda Małgorzata  |e aut 
856 4 0 |u http://acta.bibl.u-szeged.hu/54808/1/ejqtde_2018_003_001-027.pdf  |z Dokumentum-elérés